000
00257nam a22001097a 4500
999
_c
5799
_d
5799
082
_a
300.723
100
_a
De Vaus, David
245
_a
Surveys In Social Research (Social Research Today)
260
_a
New Delhi
_b
Pearson
_c
2004
300
_a
356
942
_c
BK